Online Catalogue and eLibrary

Sinhala Gee Sahitha Pirith Desana ha Bodi Pujawa (Record no. 895)

MARC details
000 -LEADER
fixed length control field 00417nam a2200169Ia 4500
005 - DATE AND TIME OF LATEST TRANSACTION
control field 20250516013751.0
008 - FIXED-LENGTH DATA ELEMENTS--GENERAL INFORMATION
fixed length control field 240331s9999 xx 000 0 und d
020 ## - INTERNATIONAL STANDARD BOOK NUMBER
ISBN 9971842459
082 ## - DDC Classification
Class No. 294
Item Number - Author Mark KAL
100 ## - MAIN ENTRY--PERSONAL NAME
Personal name Kalyanawansa , Bikku Hanwelle
245 #0 - TITLE STATEMENT
Title Sinhala Gee Sahitha Pirith Desana ha Bodi Pujawa
260 ## - PUBLICATION, DISTRIBUTION, ETC.
Name of publisher, distributor, etc. Author
300 ## - PHYSICAL DESCRIPTION
Extent (e.g. Volumes, Pages etc.) iii, 100 p .,
650 ## - SUBJECT ADDED ENTRY--TOPICAL TERM
Topical term or geographic name entry element Buddhism
650 ## - SUBJECT ADDED ENTRY--TOPICAL TERM
Topical term or geographic name entry element History
942 ## - Koha item type (Biblio)
Koha item type Books in Stacks (Lending)
Holdings
Lost status Damaged status Collection code Home library Current library Shelving location Date acquired Full call number Accession Number Item type
    Lending WERC Library WERC Library Social Science Cupboard 03/31/2024 294 KAL 3773 Books in Stacks (Lending)

© WERC Library